000 00499nam a22001697a 4500
999 _c6938
_d6936
005 20210904120513.0
008 200608b xxu||||| |||| 00| 0 eng d
020 _a978-93-86456-77-9
041 _aeng
100 _aMISRA, SURYA NARAYAN
_95876
245 _aTHE INDIAN PENAL CODE (ACT . NO 45 OF 1860) : with the criminal law act, 2018 (No. 22 of 2018)
250 _a21st Ed. 2018
260 _aALLAHABAD
_bCENTRAL LAW PUBLICATION
300 _a1052;lxxvi.p
650 _aLAW
_95701
942 _cBK